Wealthiest Countries in Each Time Zone - Statistics

General Stats
  • This quiz has been taken 150 times
    149 since last reset
  • The average score is 10 of 14
Answer Stats
Countries % Correct
United States
100%
United Kingdom
92%
France
91%
Japan
91%
Australia
89%
Russia
87%
Singapore
75%
United Arab Emirates
67%
Ireland
63%
Monaco
63%
Kiribati
61%
Denmark
60%
Qatar
58%
Samoa
52%
No matching quizzes found
Score Distribution
Percent of People with Each Score
Percentile by Number Answered
Your Score History
You have not taken this quiz since the last reset